000 00369nam a2200145Ia 4500
008 230711s9999||||xx |||||||||||||| ||und||
041 _aENG
082 _a720
_bSG-A
100 _aSgrovat Kin
245 0 _aAesthetic art life - a collection of articles
250 _a1st
260 _c1989
_aNew Delhi
_bNirja Const & Development co.Ltd
650 _aLiteature
942 _cBK
999 _c45
_d45